[Event "HSG Open 2017"]
[Site "Hilversum"]
[Date "2017.06.25"]
[Round "5.1"]
[White "Golbach, B1 Floris"]
[Black "Mulders, Rinze"]
[Result "1-0"]
[BlackElo "1882"]
[WhiteElo "1916"]
[LiveChessVersion "1.4.8"]

1. d4 {[%clk 1:50:18]} f5 {[%clk 1:50:10]} 2. c4 {[%clk 1:50:02]} e6
{[%clk 1:50:14]} 3. g3 {[%clk 1:50:05]} Nf6 {[%clk 1:50:18]} 4. Bg2
{[%clk 1:50:00]} Be7 {[%clk 1:50:08]} 5. Nf3 {[%clk 1:49:47]} O-O
{[%clk 1:50:08]} 6. O-O {[%clk 1:49:51]} d6 {[%clk 1:48:54]} 7. b3
{[%clk 1:49:23]} Ne4 {[%clk 1:41:01]} 8. Bb2 {[%clk 1:42:48]} Qe8
{[%clk 1:36:26]} 9. Nbd2 {[%clk 1:41:16]} Qg6 {[%clk 1:34:41]} 10. Qc2
{[%clk 1:35:30]} Nxd2 {[%clk 1:24:00]} 11. Nxd2 {[%clk 1:31:34]} Nc6
{[%clk 1:22:34]} 12. f4 {[%clk 1:27:30]} Bf6 {[%clk 1:17:11]} 13. Nf3
{[%clk 1:15:47]} h5 {[%clk 1:13:24]} 14. e3 {[%clk 1:05:52]} Bd7 {[%clk 1:10:07]}
15. Rad1 {[%clk 1:04:06]} a5 {[%clk 1:09:09]} 16. a3 {[%clk 1:03:34]} Qe8
{[%clk 0:57:21]} 17. e4 {[%clk 0:47:16]} a4 {[%clk 0:54:21]} 18. b4
{[%clk 0:45:15]} Nxb4 {[%clk 0:52:29]} 19. axb4 {[%clk 0:43:49]} a3
{[%clk 0:52:33]} 20. Bc3 {[%clk 0:40:27]} Ba4 {[%clk 0:52:23]} 21. Qe2
{[%clk 0:38:34]} Bxd1 {[%clk 0:51:49]} 22. Rxd1 {[%clk 0:38:40]} Qa4
{[%clk 0:51:10]} 23. exf5 {[%clk 0:28:30]} exf5 {[%clk 0:50:08]} 24. Ng5
{[%clk 0:28:17]} c6 {[%clk 0:44:53]} 25. Qxh5 {[%clk 0:27:16]} Bxg5
{[%clk 0:41:29]} 26. fxg5 {[%clk 0:27:22]} Rfe8 {[%clk 0:38:00]} 27. g6
{[%clk 0:26:29]} Re3 {[%clk 0:36:46]} 28. Bd2 {[%clk 0:20:06]} a2
{[%clk 0:24:19]} 29. Ra1 {[%clk 0:16:54]} Rae8 {[%clk 0:22:47]} 30. Qh7+
{[%clk 0:15:49]} Kf8 {[%clk 0:22:51]} 31. Qh8+ {[%clk 0:15:56]} Ke7
{[%clk 0:22:57]} 32. Qxg7+ {[%clk 0:16:04]} Kd8 {[%clk 0:22:57]} 33. Qf6+
{[%clk 0:15:35]} Kc7 {[%clk 0:22:32]} 34. Bxe3 {[%clk 0:14:42]} Rxe3
{[%clk 0:22:34]} 35. g7 {[%clk 0:14:16]} Qxb4 {[%clk 0:17:34]} 36. g8=Q
{[%clk 0:12:01]} Re1+ {[%clk 0:17:20]} 37. Bf1 {[%clk 0:11:55]} 1-0

[Event "HSG Open 2017"]
[Site "Hilversum"]
[Date "2017.06.25"]
[Round "5.2"]
[White "Reichardt, B2 Gert"]
[Black "Froberg, Gert-Jan"]
[Result "1-0"]
[BlackElo "1864"]
[WhiteElo "1906"]
[LiveChessVersion "1.4.8"]

1. e4 e5 2. Nc3 Nc6 3. Bc4 Bc5 4. Qg4 Qf6 5. Nd5 Qxf2+ 6. Kd1 Kf8 7. Nh3 h5 8.
Qg5 Qd4 9. d3 Be7 10. Qg3 Na5 11. c3 Qc5 12. b4 Qc6 13. bxa5 Qa4+ 14. Bb3 Qxa5
15. Rf1 Nf6 16. Nxe7 Qxc3 17. Ba3 d6 18. Rc1 Bg4+ 19. Rf3 Qxd3+ 20. Ke1 Bxf3 21.
gxf3 h4 22. Qg2 Qa6 23. Ng6+ Ke8 24. Nxh8 Qxa3 25. Qc2 Qa5+ 26. Kf1 Kd7 27. Nxf7
Rf8 28. Nhg5 c5 29. Rd1 1-0

[Event "HSG Open 2017"]
[Site "Hilversum"]
[Date "2017.06.25"]
[Round "5.3"]
[White "Schulze, C1 Lukas"]
[Black "Van der Lubben, Arno"]
[Result "1-0"]
[BlackElo "1324"]
[WhiteElo "1408"]
[LiveChessVersion "1.4.8"]

1. Nf3 {[%clk 1:50:17]} d5 {[%clk 1:50:08]} 2. c4 {[%clk 1:50:22]} c6
{[%clk 1:50:01]} 3. d4 {[%clk 1:50:05]} Nf6 {[%clk 1:49:44]} 4. Nc3
{[%clk 1:50:00]} dxc4 {[%clk 1:49:06]} 5. e4 {[%clk 1:45:22]} Bg4
{[%clk 1:40:56]} 6. e5 {[%clk 1:41:34]} Nd5 {[%clk 1:40:41]} 7. Bxc4
{[%clk 1:39:27]} e6 {[%clk 1:40:22]} 8. O-O {[%clk 1:30:22]} Nxc3
{[%clk 1:39:44]} 9. bxc3 {[%clk 1:30:26]} Be7 {[%clk 1:39:41]} 10. Qb3
{[%clk 1:29:08]} Qb6 {[%clk 1:38:40]} 11. Rb1 {[%clk 1:16:24]} Nd7
{[%clk 1:35:33]} 12. Ba3 {[%clk 0:53:26]} Qxb3 {[%clk 1:34:32]} 13. Rxb3
{[%clk 0:53:29]} Bxa3 {[%clk 1:34:37]} 14. Rxa3 {[%clk 0:53:38]} O-O
{[%clk 1:33:30]} 15. Rb1 {[%clk 0:52:47]} b6 {[%clk 1:33:37]} 16. Ba6
{[%clk 0:52:07]} Rab8 {[%clk 1:25:55]} 17. Nd2 {[%clk 0:51:18]} Bf5
{[%clk 1:25:57]} 18. Rb4 {[%clk 0:50:27]} c5 {[%clk 1:23:03]} 19. Rb2
{[%clk 0:44:06]} Rfd8 {[%clk 1:22:09]} 20. Bb5 {[%clk 0:43:10]} Rb7
{[%clk 1:18:51]} 21. Nc4 {[%clk 0:41:18]} cxd4 {[%clk 1:18:05]} 22. cxd4
{[%clk 0:39:57]} Rc7 {[%clk 1:18:14]} 23. h4 Rdc8 {[%clk 1:13:56]} 24. f3
{[%clk 0:33:24]} h5 {[%clk 1:10:59]} 25. Nd6 {[%clk 0:28:43]} Rc1+
{[%clk 1:07:45]} 26. Kh2 {[%clk 0:26:54]} R8c7 {[%clk 1:07:53]} 27. Nxf5
{[%clk 0:19:08]} exf5 {[%clk 1:08:00]} 28. Rd3 {[%clk 0:17:38]} Nb8
{[%clk 1:03:19]} 29. d5 {[%clk 0:16:40]} a6 {[%clk 1:02:48]} 30. d6
{[%clk 0:15:43]} Rc8 {[%clk 1:02:52]} 31. Ba4 {[%clk 0:15:03]} b5
{[%clk 1:02:56]} 32. Bb3 {[%clk 0:14:33]} Kf8 {[%clk 1:02:21]} 33. Rbd2
{[%clk 0:13:54]} Nd7 {[%clk 1:01:33]} 34. Bd5 {[%clk 0:13:42]} Nxe5
{[%clk 0:59:29]} 35. Re3 {[%clk 0:12:30]} Nc4 {[%clk 0:58:36]} 36. Bxc4
{[%clk 0:12:34]} R1xc4 {[%clk 0:58:43]} 37. d7 {[%clk 0:11:24]} Rd8
{[%clk 0:54:45]} 38. Rde2 {[%clk 0:10:21]} Rxh4+ {[%clk 0:54:52]} 39. Kg1
{[%clk 0:09:00]} 1-0

[Event "HSG Open 2017"]
[Site "Hilversum"]
[Date "2017.06.25"]
[Round "5.4"]
[White "Van der Hoeven, C2 Carsten"]
[Black "Van der Schaaf, Tristan"]
[Result "1/2-1/2"]
[BlackElo "1499"]
[WhiteElo "1545"]
[LiveChessVersion "1.4.8"]

1. e4 c5 2. c4 Nc6 3. Nc3 g6 4. g3 Bg7 5. Bg2 d6 6. d3 a6 7. f4 e6 8. Nf3 Nge7 9.
O-O O-O 10. Be3 Qb6 11. Qd2 Bd7 12. Nh4 Nd4 13. Rf2 Bc6 14. Raf1 f5 15. Nf3 Rae8
16. Kh1 Qc7 17. Ng5 Qd7 18. Rd1 b5 19. b3 b4 20. Ne2 Nxe2 21. Qxe2 a5 22. d4 h6
23. Nh3 cxd4 24. Bxd4 Bxd4 25. Rxd4 fxe4 26. Bxe4 Bxe4+ 27. Rxe4 Nf5 28. Qg4 Kh7
29. Rfe2 Qc6 30. Kg1 Qc5+ 31. Nf2 h5 32. Qg5 Nd4 33. R2e3 Rf5 34. Qh4 e5 35. g4
Rxf4 36. Rxf4 exf4 37. Re7+ Rxe7 38. Qxe7+ Kg8 39. Qe8+ Kh7 40. Qf7+ Kh8 41. Qf8+
Kh7 42. Qf7+ Kh8 43. Qf8+ 1/2-1/2

[Event "HSG Open 2017"]
[Site "Hilversum"]
[Date "2017.06.25"]
[Round "6.2"]
[White "Van Deutekom, B2 Yde"]
[Black "Reichardt, Robin"]
[Result "0-1"]
[BlackElo "1829"]
[WhiteElo "1930"]
[LiveChessVersion "1.4.8"]

1. d4 d5 2. c4 e6 3. Nf3 c6 4. Nc3 dxc4 5. e4 b5 6. a4 Bb4 7. axb5 Bxc3+ 8. bxc3
cxb5 9. Bf4 Bb7 10. Qb1 Qb6 11. Be3 Nd7 12. d5 Nc5 13. Bxc4 bxc4 14. Bxc5 Qxc5
15. Qxb7 Qc8 16. Qxc8+ Rxc8 17. dxe6 fxe6 18. Rxa7 Nf6 19. O-O Nxe4 20. Re1 Nxc3
21. Rxe6+ Kf8 22. Re5 h5 23. Ng5 Rh6 24. Rf5+ Kg8 25. Rff7 Rg6 26. f4 Nb5 27. Ra5
Rxg5 28. fxg5 Kxf7 29. Rxb5 c3 30. Rf5+ Ke6 31. Rf1 c2 32. Rc1 Kd5 33. Kf2 Kd4
34. Ke2 Kc3 0-1

[Event "HSG Open 2017"]
[Site "Hilversum"]
[Date "2017.06.25"]
[Round "6.3"]
[White "Schulze, C1 Lukas"]
[Black "Kerkhoff, Chris"]
[Result "0-1"]
[BlackElo "1536"]
[WhiteElo "1408"]
[LiveChessVersion "1.4.8"]

1. Nf3 {[%clk 1:50:19]} Nc6 {[%clk 1:50:06]} 2. d4 {[%clk 1:50:26]} d5
{[%clk 1:50:08]} 3. c4 {[%clk 1:50:28]} Bg4 {[%clk 1:50:10]} 4. cxd5
{[%clk 1:48:47]} Bxf3 {[%clk 1:50:02]} 5. dxc6 {[%clk 1:48:08]} Bxc6
{[%clk 1:49:59]} 6. Nc3 {[%clk 1:46:58]} Nf6 {[%clk 1:47:09]} 7. Bg5
{[%clk 1:44:53]} e6 {[%clk 1:44:25]} 8. e4 {[%clk 1:41:28]} Be7 {[%clk 1:43:01]}
9. Qd3 {[%clk 1:37:57]} h6 {[%clk 1:38:07]} 10. Bf4 {[%clk 1:22:25]} Bb4
{[%clk 1:32:02]} 11. e5 {[%clk 1:16:22]} Nd5 {[%clk 1:24:24]} 12. Bd2
{[%clk 1:13:01]} Qd7 {[%clk 1:09:29]} 13. Nxd5 {[%clk 1:11:43]} Bxd2+
{[%clk 1:09:08]} 14. Qxd2 {[%clk 1:11:35]} Qxd5 {[%clk 1:06:41]} 15. Rc1
{[%clk 1:10:49]} Qe4+ {[%clk 1:00:09]} 16. Qe3 {[%clk 1:08:48]} Qd5
{[%clk 0:54:11]} 17. b3 {[%clk 1:05:05]} Rd8 {[%clk 0:51:02]} 18. Rd1
{[%clk 1:01:34]} O-O {[%clk 0:49:16]} 19. Qg3 {[%clk 0:53:15]} Qa5+
{[%clk 0:45:40]} 20. Ke2 {[%clk 0:40:39]} Bb5+ {[%clk 0:31:26]} 21. Kf3
{[%clk 0:39:23]} Qc3+ {[%clk 0:22:06]} 22. Kg4 {[%clk 0:38:35]} Qc2
{[%clk 0:14:41]} 23. Bxb5 {[%clk 0:36:35]} Qf5+ {[%clk 0:14:08]} 24. Kh4
{[%clk 0:36:27]} g5+ {[%clk 0:13:03]} 25. Kh5 {[%clk 0:35:44]} g4+
{[%clk 0:12:53]} 0-1

[Event "HSG Open 2017"]
[Site "Hilversum"]
[Date "2017.06.25"]
[Round "6.4"]
[White "Van der Schaaf, C2 Tristan"]
[Black "Kusse, Marcel"]
[Result "1-0"]
[BlackElo "1586"]
[WhiteElo "1499"]
[LiveChessVersion "1.4.8"]

1. d4 c5 2. d5 f5 3. b3 Nf6 4. c4 g6 5. Bb2 Bg7 6. g3 d6 7. Bg2 O-O 8. Nh3 Na6 9.
O-O Nc7 10. Nf4 Rb8 11. Nd2 g5 12. Nd3 b5 13. Qc2 Qe8 14. f4 g4 15. Rab1 Qg6 16.
Nf2 h5 17. e4 Nxe4 18. Ndxe4 fxe4 19. Bxe4 Bf5 20. Bxf5 Qxf5 21. Qxf5 Rxf5 22.
Bxg7 Kxg7 23. Ne4 b4 24. Rbe1 Re8 25. Re2 a5 26. Rfe1 Rff8 27. Ng5 Kg6 28. Rxe7
Rxe7 29. Rxe7 Rc8 30. Kf2 a4 31. Ne6 axb3 32. axb3 Ne8 33. Ra7 Rb8 34. Ke3 Rc8
35. Ra6 Rb8 36. Nxc5 1-0